Effect of Supplementary Cementitious Materials on Hydration and Properties of Cements under Various Curing Regimes
Salvato in:
| Autore principale: | |
|---|---|
| Altri autori: | |
| Natura: | Manoscritto Libro |
| Lingua: | slovacco inglese |
| Pubblicazione: |
2018
|
| Soggetti: | |
| Accesso online: | http://is.stuba.sk/zp/portal_zp.pl?podrobnosti=119993 |
| Tags: |
Nessun Tag, puoi essere il primo ad aggiungerne!!
|
MARC
| LEADER | 00000ntm a22000003a 4500 | ||
|---|---|---|---|
| 001 | stuzp49088 | ||
| 003 | SK-STU | ||
| 005 | 20180818210222.9 | ||
| 007 | ta | ||
| 008 | 150427s2015----xo-----f-mn---000-0-slo-d | ||
| 040 | |a STU |b slo | ||
| 041 | 0 | |a eng | |
| 100 | 1 | |a Žemlička, Matúš |u 042110 |4 aut |U FCHPT Ústav anorganickej chémie, technológie a materiálov |T FCHPT Oddelenie anorganických materiálov |X 40207 |U C2110 |Y 110 |7 A00000040207 | |
| 242 | 0 | 1 | |a Vplyv prímesi na priebeh hydratácie a vlastnosti cementov ošetrených rôznymi spôsobmi |y slo |
| 245 | 1 | 0 | |a Effect of Supplementary Cementitious Materials on Hydration and Properties of Cements under Various Curing Regimes |
| 260 | |c 2018 | ||
| 650 | 4 | |a zmesové cementy |2 slo | |
| 650 | 4 | |a prímesi |2 slo | |
| 650 | 4 | |a priebeh hydratácie cementu |2 slo | |
| 650 | 4 | |a cementy triedy G |2 slo | |
| 650 | 4 | |a supplementary cementitious materials |2 eng | |
| 650 | 4 | |a cement hydration course |2 eng | |
| 650 | 4 | |a Class G cements |2 eng | |
| 650 | 4 | |a blended cements |2 eng | |
| 700 | 1 | |a Palou, Martin Tchingnabé |u 042110 |k Z8 |4 ths |U FCHPT Ústav anorganickej chémie, technológie a materiálov |T FCHPT Oddelenie anorganických materiálov |X 3891 |U C2110 |Y 110 |7 A000003891 | |
| 856 | 4 | |u http://is.stuba.sk/zp/portal_zp.pl?podrobnosti=119993 | |